| 000 | 00816nam a2200253 a 4500 | ||
|---|---|---|---|
| 001 | 73025 | ||
| 003 | BD-RjUL | ||
| 005 | 20211209082335.0 | ||
| 008 | 170527s1961 nyua 001 0 eng c | ||
| 035 | _a(BD-RjUL)73243 | ||
| 040 |
_aDLC/ICU _cCGU _dUKM _dEQO _beng |
||
| 041 | _aeng | ||
| 082 | 0 |
_223 _a596 _bWER 1961 |
|
| 100 | 1 |
_aWeichert, Charles K. _q(Charles Kipp), _d1902- _9128806 |
|
| 245 | 1 | 0 |
_aRepresentative chordates : _ba manual of comparative anatomy / _cCharles K Weichert |
| 250 | _a2nd ed. | ||
| 260 |
_aNew York : _bMcGraw-Hill, _c1961. |
||
| 300 |
_a218 p. : _bill. ; _c24 cm. |
||
| 490 | 1 | _aMcGraw-Hill publications in the zoological sciences | |
| 500 | _aIncludes index | ||
| 650 | 0 |
_aChordata _9215979 |
|
| 830 | 0 |
_aMcGraw-Hill publications in the zoological sciences _9124923 |
|
| 942 |
_2ddc _cBK |
||
| 999 |
_c73025 _d73025 |
||